[Event "World Chess Olympiad 2018"]
[Site "Batumi"]
[Date "2018.10.05"]
[Round "11"]
[Board "3"]
[WhiteFideId "13503758"]
[White "Stupak Kirill"]
[BlackFideId "3407128"]
[Black "Salinas Herrera Pablo"]
[Result "1-0"]
[LiveChessVersion "1.4.8"]
[BlackElo "2486"]
[WhiteElo "2583"]

1. d4 {[%clk 1:30:58]} d5 {[%clk 1:30:55]} 2. c4 {[%clk 1:31:24]} c6
{[%clk 1:31:21]} 3. Nf3 {[%clk 1:31:50]} Nf6 {[%clk 1:31:46]} 4. Nc3
{[%clk 1:32:17]} e6 {[%clk 1:32:10]} 5. g3 {[%clk 1:32:46]} dxc4 {[%clk 1:31:44]}
6. Bg2 {[%clk 1:33:14]} Nbd7 {[%clk 1:32:05]} 7. O-O {[%clk 1:33:25]} Be7
{[%clk 1:32:26]} 8. e4 {[%clk 1:32:33]} O-O {[%clk 1:30:58]} 9. Bf4
{[%clk 1:32:26]} a5 {[%clk 1:18:12]} 10. Re1 {[%clk 1:21:36]} Re8
{[%clk 1:12:05]} 11. d5 {[%clk 1:08:25]} Bb4 {[%clk 1:11:22]} 12. dxe6
{[%clk 1:03:53]} fxe6 {[%clk 1:11:24]} 13. e5 {[%clk 0:58:12]} Nd5
{[%clk 1:11:47]} 14. Bd2 {[%clk 0:52:37]} Bf8 {[%clk 0:52:32]} 15. Ne4
{[%clk 0:50:51]} Nc5 {[%clk 0:50:00]} 16. Nfg5 {[%clk 0:43:52]} Qc7
{[%clk 0:35:29]} 17. Nxh7 {[%clk 0:41:50]} Nxe4 {[%clk 0:35:30]} 18. Bxe4
{[%clk 0:42:00]} Qxe5 {[%clk 0:25:17]} 19. Ng5 {[%clk 0:40:11]} Qc7
{[%clk 0:25:29]} 20. Bh7+ {[%clk 0:40:04]} Kh8 {[%clk 0:25:45]} 21. Bg6
{[%clk 0:40:09]} Nf6 {[%clk 0:25:32]} 22. Bxe8 {[%clk 0:40:30]} 1-0

[Event "World Chess Olympiad 2018"]
[Site "Batumi"]
[Date "2018.10.05"]
[Round "11"]
[Board "4"]
[WhiteFideId "3406903"]
[White "Garcia Cardenas Pablo"]
[BlackFideId "13500465"]
[Black "Fedorov Alexei"]
[Result "0-1"]
[LiveChessVersion "1.4.8"]
[BlackElo "2568"]
[WhiteElo "2444"]

1. d4 {[%clk 1:30:56]} Nf6 {[%clk 1:30:52]} 2. c4 {[%clk 1:31:21]} g6
{[%clk 1:31:18]} 3. Nc3 {[%clk 1:31:48]} Bg7 {[%clk 1:31:43]} 4. e4
{[%clk 1:32:14]} d6 {[%clk 1:32:02]} 5. h3 {[%clk 1:32:40]} O-O {[%clk 1:32:19]}
6. Be3 {[%clk 1:33:05]} e5 {[%clk 1:31:36]} 7. d5 {[%clk 1:33:28]} a5
{[%clk 1:30:43]} 8. g4 {[%clk 1:33:48]} Na6 {[%clk 1:31:00]} 9. Nge2
{[%clk 1:34:01]} Nd7 {[%clk 1:27:28]} 10. Qd2 {[%clk 1:25:25]} Ndc5
{[%clk 1:27:18]} 11. Ng3 {[%clk 1:25:48]} c6 {[%clk 1:22:35]} 12. Be2
{[%clk 1:22:08]} cxd5 {[%clk 1:17:00]} 13. cxd5 {[%clk 1:22:33]} Bd7
{[%clk 1:17:19]} 14. Nb5 {[%clk 1:16:59]} Qb6 {[%clk 1:12:53]} 15. Na3
{[%clk 1:17:24]} a4 {[%clk 1:13:16]} 16. h4 {[%clk 1:11:56]} Rfc8
{[%clk 1:07:15]} 17. h5 {[%clk 1:01:18]} Rab8 {[%clk 1:01:23]} 18. hxg6
{[%clk 0:57:44]} fxg6 {[%clk 1:00:33]} 19. f3 {[%clk 0:53:47]} Qb4
{[%clk 0:52:57]} 20. Bg5 {[%clk 0:38:20]} b5 {[%clk 0:50:09]} 21. Rh2
{[%clk 0:33:50]} Rb7 {[%clk 0:42:45]} 22. Nh1 {[%clk 0:32:27]} Bxg4
{[%clk 0:35:46]} 23. Qxb4 {[%clk 0:26:57]} Nxb4 {[%clk 0:36:09]} 24. fxg4
{[%clk 0:22:31]} Nxe4 {[%clk 0:36:05]} 25. Bh6 {[%clk 0:18:45]} Bxh6
{[%clk 0:23:31]} 26. Rxh6 {[%clk 0:19:13]} Ng5 {[%clk 0:21:54]} 27. Nf2
{[%clk 0:13:23]} Rc5 {[%clk 0:16:09]} 28. Rd1 {[%clk 0:12:06]} Nxa2
{[%clk 0:15:15]} 29. Nd3 {[%clk 0:10:04]} Rcc7 {[%clk 0:11:21]} 30. Ra1
{[%clk 0:08:47]} b4 {[%clk 0:11:22]} 31. Rxa2 {[%clk 0:09:00]} bxa3
{[%clk 0:11:46]} 32. bxa3 {[%clk 0:04:39]} Rb3 {[%clk 0:09:53]} 33. Kf2
{[%clk 0:03:18]} Rcc3 {[%clk 0:06:52]} 34. Rh1 {[%clk 0:03:01]} Rxd3
{[%clk 0:06:22]} 35. Bxd3 {[%clk 0:03:29]} Rxd3 {[%clk 0:06:47]} 36. Rb1
{[%clk 0:02:49]} Kg7 {[%clk 0:05:19]} 37. Rb4 {[%clk 0:02:15]} e4
{[%clk 0:04:16]} 38. Rxa4 {[%clk 0:02:08]} Kf6 {[%clk 0:03:28]} 39. Ra8
{[%clk 0:02:07]} Nh3+ {[%clk 0:03:27]} 40. Ke1 {[%clk 0:30:49]} Rg3
{[%clk 0:31:47]} 41. Rf8+ {[%clk 0:25:43]} Kg5 {[%clk 0:31:05]} 42. Re2
{[%clk 0:06:49]} e3 {[%clk 0:30:23]} 43. Rf1 {[%clk 0:06:09]} Nf4
{[%clk 0:23:49]} 44. Rh2 {[%clk 0:06:35]} Nxd5 {[%clk 0:21:45]} 45. Rxh7
{[%clk 0:05:32]} Rg2 {[%clk 0:21:15]} 46. Rf8 {[%clk 0:03:42]} Nf4
{[%clk 0:20:47]} 47. Rxf4 {[%clk 0:03:24]} Kxf4 {[%clk 0:21:13]} 48. a4
{[%clk 0:02:21]} d5 {[%clk 0:20:53]} 0-1

[Event "World Chess Olympiad 2018"]
[Site "Batumi"]
[Date "2018.10.05"]
[Round "11"]
[Board "2"]
[WhiteFideId "4700600"]
[White "Mehmeti Dritan"]
[BlackFideId "11601388"]
[Black "Neiksans Arturs"]
[Result "1/2-1/2"]
[LiveChessVersion "1.4.8"]
[BlackElo "2566"]
[WhiteElo "2391"]

1. d4 {[%clk 1:30:56]} f5 {[%clk 1:30:57]} 2. Nc3 {[%clk 1:28:42]} Nf6
{[%clk 1:31:22]} 3. Bg5 {[%clk 1:27:36]} d5 {[%clk 1:31:46]} 4. e3
{[%clk 1:26:14]} e6 {[%clk 1:30:41]} 5. Nh3 {[%clk 1:23:00]} h6 {[%clk 1:21:58]}
6. Bxf6 {[%clk 1:17:53]} Qxf6 {[%clk 1:19:40]} 7. Nf4 {[%clk 1:18:07]} Rg8
{[%clk 1:06:50]} 8. Nb5 {[%clk 1:10:53]} Qf7 {[%clk 0:59:02]} 9. c4
{[%clk 1:02:01]} c6 {[%clk 0:58:43]} 10. Nc3 {[%clk 1:01:41]} Nd7
{[%clk 0:58:32]} 11. Qb3 {[%clk 0:57:16]} Bd6 {[%clk 0:49:45]} 12. O-O-O
{[%clk 0:54:44]} Nf6 {[%clk 0:42:07]} 13. Kb1 {[%clk 0:51:30]} Bxf4
{[%clk 0:33:32]} 14. exf4 {[%clk 0:51:36]} Qc7 {[%clk 0:33:59]} 15. cxd5
{[%clk 0:46:46]} exd5 {[%clk 0:33:57]} 16. Re1+ {[%clk 0:47:01]} Kf7
{[%clk 0:34:01]} 17. g3 {[%clk 0:43:07]} Be6 {[%clk 0:33:22]} 18. f3
{[%clk 0:41:39]} Rae8 {[%clk 0:30:29]} 19. Bd3 {[%clk 0:39:55]} Qb6
{[%clk 0:28:27]} 20. Qxb6 {[%clk 0:35:26]} axb6 {[%clk 0:28:54]} 21. Re5
{[%clk 0:34:52]} g6 {[%clk 0:27:04]} 22. Rhe1 {[%clk 0:32:31]} Bc8
{[%clk 0:25:50]} 23. Kc1 {[%clk 0:30:42]} Nd7 {[%clk 0:26:02]} 24. Rxe8
{[%clk 0:27:12]} Rxe8 {[%clk 0:26:18]} 25. Rxe8 {[%clk 0:27:33]} Kxe8
{[%clk 0:26:46]} 26. Kd2 {[%clk 0:27:56]} Ke7 {[%clk 0:26:45]} 27. Ke3
{[%clk 0:27:47]} Kd6 {[%clk 0:26:12]} 28. b4 {[%clk 0:26:43]} Nf8
{[%clk 0:26:31]} 29. a3 {[%clk 0:26:28]} Ne6 {[%clk 0:26:54]} 30. h4
{[%clk 0:20:36]} h5 {[%clk 0:22:25]} 31. Na4 {[%clk 0:16:25]} Kc7
{[%clk 0:22:49]} 32. Bc2 {[%clk 0:15:48]} Bd7 {[%clk 0:23:14]} 33. Bd1
{[%clk 0:08:41]} Be8 {[%clk 0:21:32]} 34. Bc2 {[%clk 0:08:34]} Nd8
{[%clk 0:16:07]} 35. Nb2 {[%clk 0:06:32]} Nf7 {[%clk 0:16:32]} 36. Nd3
{[%clk 0:04:20]} Nd6 {[%clk 0:16:59]} 37. Ne5 {[%clk 0:04:42]} Nc4+
{[%clk 0:16:35]} 38. Nxc4 {[%clk 0:02:39]} dxc4 {[%clk 0:17:02]} 39. Kd2
{[%clk 0:02:48]} Kd6 {[%clk 0:16:48]} 40. Kc3 {[%clk 0:33:09]} Bf7
{[%clk 0:38:04]} 41. Bd1 b5 {[%clk 0:34:29]} 42. Be2 {[%clk 0:31:56]} b6
{[%clk 0:33:47]} 43. Bd1 {[%clk 0:31:07]} Bd5 {[%clk 0:34:11]} 44. Be2
{[%clk 0:30:54]} Ke6 {[%clk 0:31:22]} 45. Bd1 {[%clk 0:30:34]} Kf7
{[%clk 0:30:21]} 46. Be2 {[%clk 0:30:26]} Kg7 {[%clk 0:27:05]} 47. Bd1
{[%clk 0:30:31]} Bg8 {[%clk 0:27:32]} 48. Bc2 {[%clk 0:28:40]} Bf7
{[%clk 0:26:50]} 49. Kd2 {[%clk 0:28:31]} Kf6 {[%clk 0:26:58]} 50. Kc3
{[%clk 0:28:55]} Ke6 {[%clk 0:27:09]} 51. Bd1 {[%clk 0:29:18]} Kd5
{[%clk 0:25:07]} 52. Be2 {[%clk 0:27:47]} Be6 {[%clk 0:25:14]} 53. Bd1
{[%clk 0:28:10]} c5 {[%clk 0:25:41]} 54. dxc5 {[%clk 0:28:32]} bxc5
{[%clk 0:26:08]} 55. Be2 {[%clk 0:28:56]} Kc6 {[%clk 0:26:34]} 56. Bd1
{[%clk 0:29:17]} Bd5 {[%clk 0:26:51]} 57. Be2 {[%clk 0:29:39]} Kb6
{[%clk 0:26:36]} 58. Bd1 {[%clk 0:29:47]} Be6 {[%clk 0:26:07]} 59. Be2
{[%clk 0:30:08]} Kc6 {[%clk 0:26:32]} 60. Bd1 {[%clk 0:30:32]} 1/2-1/2

[Event "World Chess Olympiad 2018"]
[Site "Batumi"]
[Date "2018.10.05"]
[Round "11"]
[Board "3"]
[WhiteFideId "11602740"]
[White "Meshkovs Nikita"]
[BlackFideId "4701178"]
[Black "Pasko Llambi"]
[Result "1-0"]
[LiveChessVersion "1.4.8"]
[BlackElo "2386"]
[WhiteElo "2535"]

1. c4 {[%clk 1:30:50]} Nf6 {[%clk 1:30:43]} 2. Nf3 {[%clk 1:31:08]} g6
{[%clk 1:30:46]} 3. Nc3 {[%clk 1:31:27]} Bg7 {[%clk 1:30:59]} 4. d4
{[%clk 1:31:50]} d6 {[%clk 1:30:49]} 5. e4 {[%clk 1:32:13]} O-O {[%clk 1:31:04]}
6. Be2 {[%clk 1:32:39]} e5 {[%clk 1:31:08]} 7. O-O {[%clk 1:32:59]} Nbd7
{[%clk 1:31:28]} 8. Be3 {[%clk 1:32:07]} Re8 {[%clk 1:29:12]} 9. d5
{[%clk 1:30:23]} a5 {[%clk 1:23:31]} 10. Nd2 {[%clk 1:25:43]} c5 {[%clk 1:17:34]}
11. a3 {[%clk 1:19:52]} Rf8 {[%clk 1:15:24]} 12. Nb5 {[%clk 1:08:24]} Ne8
{[%clk 1:14:14]} 13. Qc2 {[%clk 1:08:48]} f5 {[%clk 1:07:16]} 14. exf5
{[%clk 1:08:41]} gxf5 {[%clk 1:07:25]} 15. f4 {[%clk 1:09:06]} e4
{[%clk 1:04:32]} 16. g4 {[%clk 1:02:40]} Ndf6 {[%clk 0:53:37]} 17. g5
{[%clk 0:57:43]} Ng4 {[%clk 0:53:52]} 18. Bxg4 {[%clk 0:57:19]} fxg4
{[%clk 0:54:18]} 19. Nxe4 {[%clk 0:49:08]} Bf5 {[%clk 0:54:40]} 20. Rae1
{[%clk 0:49:34]} Qe7 {[%clk 0:51:30]} 21. Bc1 {[%clk 0:45:59]} Qf7
{[%clk 0:50:22]} 22. Qg2 {[%clk 0:33:54]} Qg6 {[%clk 0:49:15]} 23. Ng3
{[%clk 0:33:36]} Bd3 {[%clk 0:46:31]} 24. f5 {[%clk 0:28:15]} Bxf5
{[%clk 0:43:15]} 25. Nxf5 {[%clk 0:28:15]} Rxf5 {[%clk 0:43:41]} 26. Qxg4
{[%clk 0:28:39]} Rxf1+ {[%clk 0:44:06]} 27. Rxf1 {[%clk 0:29:04]} Be5
{[%clk 0:44:27]} 28. Bf4 {[%clk 0:23:15]} Bxb2 {[%clk 0:41:00]} 29. Bg3
{[%clk 0:19:51]} Be5 {[%clk 0:32:19]} 30. Bxe5 {[%clk 0:12:21]} dxe5
{[%clk 0:32:48]} 31. Qe6+ {[%clk 0:12:44]} Qxe6 {[%clk 0:31:41]} 32. dxe6
{[%clk 0:13:12]} Ng7 {[%clk 0:29:24]} 33. Nc7 {[%clk 0:13:10]} Rc8
{[%clk 0:29:52]} 34. Nd5 {[%clk 0:13:12]} Ra8 {[%clk 0:26:23]} 35. e7
{[%clk 0:10:45]} e4 {[%clk 0:26:25]} 36. Rf6 {[%clk 0:06:38]} Rc8
{[%clk 0:23:39]} 37. Kf2 {[%clk 0:06:26]} Nh5 {[%clk 0:21:32]} 38. Rh6
{[%clk 0:06:48]} Ng7 {[%clk 0:21:55]} 39. Nf6+ {[%clk 0:06:55]} Kf7
{[%clk 0:22:15]} 40. Rxh7 {[%clk 0:37:19]} 1-0

[Event "World Chess Olympiad 2018"]
[Site "Batumi"]
[Date "2018.10.05"]
[Round "11"]
[Board "4"]
[WhiteFideId "4700066"]
[White "Ashiku Franc"]
[BlackFideId "11601426"]
[Black "Bernotas Arturs"]
[Result "1/2-1/2"]
[LiveChessVersion "1.4.8"]
[BlackElo "2408"]
[WhiteElo "2373"]

1. Nf3 {[%clk 1:30:57]} Nf6 {[%clk 1:30:52]} 2. g3 {[%clk 1:31:22]} d5
{[%clk 1:31:03]} 3. Bg2 {[%clk 1:31:42]} e6 {[%clk 1:31:15]} 4. d4
{[%clk 1:31:49]} Be7 {[%clk 1:31:24]} 5. O-O {[%clk 1:31:58]} O-O
{[%clk 1:31:41]} 6. c4 {[%clk 1:32:03]} dxc4 {[%clk 1:31:47]} 7. Qc2
{[%clk 1:30:06]} a6 {[%clk 1:31:22]} 8. a4 {[%clk 1:27:28]} Bd7 {[%clk 1:31:21]}
9. Bg5 {[%clk 1:25:17]} Bc6 {[%clk 1:25:25]} 10. Nbd2 {[%clk 1:15:50]} b5
{[%clk 1:14:16]} 11. Rfd1 {[%clk 1:15:47]} Nd5 {[%clk 1:04:08]} 12. Bxe7
{[%clk 1:10:52]} Qxe7 {[%clk 1:03:41]} 13. e4 Nb4 {[%clk 0:58:50]} 14. Qc3
{[%clk 1:10:36]} Nd7 {[%clk 0:57:26]} 15. b3 {[%clk 1:05:44]} cxb3
{[%clk 0:48:44]} 16. a5 {[%clk 0:58:45]} Bb7 {[%clk 0:42:14]} 17. Qxc7
{[%clk 0:55:37]} Rfc8 {[%clk 0:31:42]} 18. Qxb7 {[%clk 0:53:03]} Rab8
{[%clk 0:28:52]} 19. Qa7 {[%clk 0:53:22]} Ra8 {[%clk 0:27:53]} 20. Qb7
{[%clk 0:53:45]} Rab8 {[%clk 0:27:45]} 21. Qa7 {[%clk 0:54:08]} Ra8
{[%clk 0:27:42]} 22. Qb7 {[%clk 0:54:30]} 1/2-1/2

[Event "World Chess Olympiad 2018"]
[Site "Batumi"]
[Date "2018.10.05"]
[Round "11"]
[Board "1"]
[WhiteFideId "6302718"]
[White "Yilmaz Mustafa"]
[BlackFideId "2900017"]
[Black "Georgiev Kiril"]
[Result "1-0"]
[LiveChessVersion "1.4.8"]
[BlackElo "2590"]
[WhiteElo "2633"]

1. d4 {[%clk 1:30:58]} Nf6 {[%clk 1:30:44]} 2. c4 {[%clk 1:31:22]} e6
{[%clk 1:31:08]} 3. Nf3 {[%clk 1:31:48]} Bb4+ {[%clk 1:31:21]} 4. Bd2
{[%clk 1:30:09]} Qe7 {[%clk 1:31:40]} 5. g3 {[%clk 1:30:13]} Bxd2+
{[%clk 1:31:51]} 6. Qxd2 {[%clk 1:30:37]} Nc6 {[%clk 1:31:54]} 7. b3
{[%clk 1:30:03]} d5 {[%clk 1:27:05]} 8. Bg2 {[%clk 1:25:10]} Ne4 {[%clk 1:24:34]}
9. Qb2 {[%clk 1:17:49]} O-O {[%clk 1:14:52]} 10. O-O {[%clk 1:17:05]} Rd8
{[%clk 1:15:12]} 11. Rc1 {[%clk 1:13:29]} Bd7 {[%clk 1:15:30]} 12. Nc3
{[%clk 1:10:33]} Be8 {[%clk 1:14:04]} 13. e3 {[%clk 1:08:54]} f5 {[%clk 1:10:38]}
14. a3 {[%clk 1:06:35]} a5 {[%clk 1:10:23]} 15. Rab1 {[%clk 1:01:30]} Bf7
{[%clk 1:02:37]} 16. b4 {[%clk 0:43:43]} axb4 {[%clk 1:00:19]} 17. axb4
{[%clk 0:44:11]} Nd6 {[%clk 0:57:46]} 18. cxd5 {[%clk 0:44:14]} exd5
{[%clk 0:55:58]} 19. Nh4 {[%clk 0:30:31]} g5 {[%clk 0:41:50]} 20. Nxd5
{[%clk 0:29:04]} Qf8 {[%clk 0:42:13]} 21. Nf6+ {[%clk 0:28:24]} Kh8
{[%clk 0:42:19]} 22. d5 {[%clk 0:26:39]} Na7 {[%clk 0:40:04]} 23. Nh5+
{[%clk 0:24:08]} Kg8 {[%clk 0:40:31]} 24. Nf6+ {[%clk 0:24:34]} Kh8
{[%clk 0:40:50]} 25. Ne4+ {[%clk 0:24:26]} Qg7 {[%clk 0:36:05]} 26. Nxg5
{[%clk 0:23:26]} Rd7 {[%clk 0:36:03]} 27. Nxf7+ {[%clk 0:20:42]} Rxf7
{[%clk 0:36:23]} 28. Qxg7+ {[%clk 0:21:07]} Kxg7 {[%clk 0:36:45]} 29. Ra1
{[%clk 0:21:35]} 1-0

[Event "World Chess Olympiad 2018"]
[Site "Batumi"]
[Date "2018.10.05"]
[Round "11"]
[Board "2"]
[WhiteFideId "2903024"]
[White "Georgiev Vladimir"]
[BlackFideId "916811"]
[Black "Solak Dragan"]
[Result "1/2-1/2"]
[LiveChessVersion "1.4.8"]
[BlackElo "2609"]
[WhiteElo "2479"]

1. d4 {[%clk 1:30:56]} d5 {[%clk 1:30:57]} 2. c4 {[%clk 1:31:09]} c6
{[%clk 1:31:24]} 3. Nf3 {[%clk 1:31:12]} Nf6 {[%clk 1:31:49]} 4. cxd5
{[%clk 1:30:26]} cxd5 {[%clk 1:32:14]} 5. Nc3 {[%clk 1:30:48]} Nc6
{[%clk 1:32:41]} 6. Bf4 {[%clk 1:31:04]} Bf5 {[%clk 1:33:07]} 7. e3
{[%clk 1:29:45]} e6 {[%clk 1:33:33]} 8. Qb3 {[%clk 1:28:37]} Bb4 {[%clk 1:33:06]}
9. Ne5 {[%clk 1:23:21]} Bxc3+ {[%clk 0:51:32]} 10. bxc3 {[%clk 1:22:03]} Nxe5
{[%clk 0:51:53]} 11. Bxe5 {[%clk 1:21:43]} O-O {[%clk 0:52:18]} 12. Qxb7
{[%clk 1:15:08]} Ne4 {[%clk 0:52:02]} 13. Ba6 {[%clk 1:05:24]} f6
{[%clk 0:38:33]} 14. Bc7 {[%clk 1:00:48]} Qd7 {[%clk 0:32:02]} 15. O-O
{[%clk 0:54:49]} Nd6 {[%clk 0:28:36]} 16. Bxd6 {[%clk 0:48:21]} Qxd6
{[%clk 0:29:03]} 17. Qb5 {[%clk 0:44:33]} Qa3 {[%clk 0:28:50]} 18. Rfc1
{[%clk 0:32:04]} Rab8 {[%clk 0:29:06]} 19. Qf1 {[%clk 0:32:24]} Rb2
{[%clk 0:29:19]} 20. Be2 {[%clk 0:32:08]} Rxa2 {[%clk 0:28:06]} 21. c4
{[%clk 0:28:24]} dxc4 {[%clk 0:25:56]} 22. Rxa2 {[%clk 0:24:55]} Qxa2
{[%clk 0:26:22]} 23. Bxc4 {[%clk 0:25:18]} Qd2 {[%clk 0:22:22]} 24. h3
{[%clk 0:23:20]} Re8 {[%clk 0:19:17]} 25. Bb5 {[%clk 0:21:44]} Rb8
{[%clk 0:17:14]} 26. Qc4 {[%clk 0:19:30]} h5 {[%clk 0:13:32]} 27. Ra1
{[%clk 0:19:41]} a5 {[%clk 0:11:22]} 28. e4 {[%clk 0:17:59]} Qb2 {[%clk 0:09:53]}
29. Rxa5 {[%clk 0:17:14]} Qb1+ {[%clk 0:10:10]} 30. Kh2 {[%clk 0:11:16]} Qxe4
{[%clk 0:10:34]} 31. d5 {[%clk 0:11:26]} Qxd5 {[%clk 0:04:35]} 32. Qxd5
{[%clk 0:11:29]} exd5 {[%clk 0:05:00]} 33. Bc6 {[%clk 0:11:47]} Be6
{[%clk 0:05:25]} 34. Bxd5 {[%clk 0:12:06]} Bxd5 {[%clk 0:05:49]} 35. Rxd5
{[%clk 0:12:33]} h4 {[%clk 0:05:03]} 36. Rd4 {[%clk 0:09:59]} 1/2-1/2

[Event "World Chess Olympiad 2018"]
[Site "Batumi"]
[Date "2018.10.05"]
[Round "11"]
[Board "3"]
[WhiteFideId "6302181"]
[White "Can Emre"]
[BlackFideId "15002187"]
[Black "Pancevski Filip"]
[Result "1/2-1/2"]
[LiveChessVersion "1.4.8"]
[BlackElo "2489"]
[WhiteElo "2588"]

1. d4 {[%clk 1:30:55]} Nf6 {[%clk 1:30:54]} 2. c4 {[%clk 1:31:01]} g6
{[%clk 1:31:18]} 3. Nc3 {[%clk 1:31:08]} Bg7 {[%clk 1:31:37]} 4. e4
{[%clk 1:31:05]} d6 {[%clk 1:32:01]} 5. Be2 {[%clk 1:31:22]} O-O {[%clk 1:32:25]}
6. Be3 {[%clk 1:31:42]} e5 {[%clk 1:32:41]} 7. d5 {[%clk 1:26:23]} Na6
{[%clk 1:32:10]} 8. g4 {[%clk 1:26:36]} Nc5 {[%clk 1:32:32]} 9. f3
{[%clk 1:26:50]} h5 {[%clk 1:32:52]} 10. g5 {[%clk 1:26:58]} Nh7 {[%clk 1:33:15]}
11. h4 {[%clk 1:26:57]} f6 {[%clk 1:31:08]} 12. gxf6 {[%clk 1:27:17]} Bxf6
{[%clk 1:31:35]} 13. Bf2 {[%clk 1:27:26]} Be7 {[%clk 1:27:35]} 14. Kd2
{[%clk 1:27:30]} Rf4 {[%clk 1:27:58]} 15. Qe1 {[%clk 1:27:55]} a5
{[%clk 1:28:13]} 16. Kc2 {[%clk 1:28:16]} Bd7 {[%clk 1:25:58]} 17. Nh3
{[%clk 1:26:39]} Rxh4 {[%clk 1:24:14]} 18. Bxh4 {[%clk 1:23:12]} Bxh4
{[%clk 1:24:36]} 19. Qg1 {[%clk 1:23:06]} Qf6 {[%clk 1:14:22]} 20. f4
{[%clk 1:17:13]} exf4 {[%clk 1:06:47]} 21. Nxf4 {[%clk 1:16:47]} Bg5
{[%clk 0:56:00]} 22. Rf1 {[%clk 1:06:21]} Qg7 {[%clk 0:51:29]} 23. Nxg6
{[%clk 0:32:38]} Qxg6 {[%clk 0:47:57]} 24. Bxh5 {[%clk 0:31:36]} Qg7
{[%clk 0:48:22]} 25. Bf7+ {[%clk 0:30:51]} Kh8 {[%clk 0:48:31]} 26. Qh2
{[%clk 0:28:25]} Bg4 {[%clk 0:23:54]} 27. Bh5 {[%clk 0:18:07]} Qd4
{[%clk 0:23:32]} 28. Kb1 {[%clk 0:15:20]} Qd3+ {[%clk 0:22:58]} 29. Ka1
{[%clk 0:15:12]} a4 {[%clk 0:19:57]} 30. a3 {[%clk 0:15:36]} Nb3+
{[%clk 0:19:41]} 31. Ka2 {[%clk 0:16:04]} Qxc4 {[%clk 0:19:55]} 32. Bxg4
{[%clk 0:15:26]} Nd2+ {[%clk 0:20:16]} 33. Ka1 {[%clk 0:15:16]} Nb3+
{[%clk 0:20:40]} 34. Kb1 {[%clk 0:15:03]} Nd2+ {[%clk 0:20:52]} 35. Ka1
{[%clk 0:11:35]} Nb3+ {[%clk 0:21:16]} 1/2-1/2

[Event "World Chess Olympiad 2018"]
[Site "Batumi"]
[Date "2018.10.05"]
[Round "11"]
[Board "4"]
[WhiteFideId "15000605"]
[White "Nedev Trajko"]
[BlackFideId "6300545"]
[Black "Sanal Vahap"]
[Result "1-0"]
[LiveChessVersion "1.4.8"]
[BlackElo "2502"]
[WhiteElo "2496"]

1. e4 {[%clk 1:30:56]} e5 {[%clk 1:30:55]} 2. Nf3 {[%clk 1:31:20]} Nc6
{[%clk 1:31:22]} 3. Bc4 {[%clk 1:31:35]} Bc5 {[%clk 1:24:07]} 4. O-O
{[%clk 1:31:51]} Nf6 {[%clk 1:24:28]} 5. d3 {[%clk 1:32:16]} O-O {[%clk 1:24:22]}
6. Re1 {[%clk 1:32:25]} h6 {[%clk 1:23:12]} 7. c3 {[%clk 1:32:31]} d6
{[%clk 1:23:05]} 8. Nbd2 {[%clk 1:31:43]} Ng4 {[%clk 1:19:16]} 9. Re2
{[%clk 1:31:24]} Kh8 {[%clk 1:19:35]} 10. h3 {[%clk 1:29:43]} f5 {[%clk 1:10:45]}
11. Qe1 {[%clk 1:30:07]} Nf6 {[%clk 0:46:48]} 12. Nh4 {[%clk 1:30:07]} f4
{[%clk 0:42:45]} 13. Ng6+ {[%clk 1:29:44]} Kh7 {[%clk 0:43:08]} 14. Nxf8+
{[%clk 1:30:10]} Qxf8 {[%clk 0:43:32]} 15. b4 {[%clk 1:10:32]} Bb6
{[%clk 0:43:54]} 16. a4 {[%clk 1:10:58]} a6 {[%clk 0:40:41]} 17. Kh1
{[%clk 0:39:16]} g5 {[%clk 0:35:58]} 18. f3 {[%clk 0:39:33]} Ne7 {[%clk 0:29:08]}
19. Nf1 {[%clk 0:32:51]} Ng6 {[%clk 0:27:18]} 20. d4 {[%clk 0:18:44]} exd4
{[%clk 0:25:46]} 21. cxd4 {[%clk 0:17:08]} Bxd4 {[%clk 0:26:09]} 22. Bb2
{[%clk 0:17:28]} Be5 {[%clk 0:24:08]} 23. Rc2 {[%clk 0:16:44]} Bd7
{[%clk 0:22:45]} 24. b5 {[%clk 0:15:28]} Bxb2 {[%clk 0:13:12]} 25. Rxb2
{[%clk 0:15:54]} axb5 {[%clk 0:12:25]} 26. Bxb5 {[%clk 0:16:05]} Bc8
{[%clk 0:12:02]} 27. a5 {[%clk 0:14:26]} Ne5 {[%clk 0:12:10]} 28. Rc2
{[%clk 0:11:28]} Qe7 {[%clk 0:12:03]} 29. Qc3 {[%clk 0:10:18]} c6
{[%clk 0:12:02]} 30. Be2 {[%clk 0:10:38]} Qc7 {[%clk 0:11:12]} 31. Rd2
{[%clk 0:10:45]} Qe7 {[%clk 0:08:38]} 32. Rad1 {[%clk 0:09:08]} Ne8
{[%clk 0:08:31]} 33. Rd4 {[%clk 0:08:28]} Be6 {[%clk 0:08:21]} 34. Nd2
{[%clk 0:07:22]} Qc7 {[%clk 0:05:48]} 35. Ra4 {[%clk 0:07:06]} Qb8
{[%clk 0:05:24]} 36. Nb3 {[%clk 0:04:49]} b5 {[%clk 0:05:04]} 37. Rad4
{[%clk 0:05:13]} Bxb3 {[%clk 0:03:02]} 38. Qxb3 {[%clk 0:05:42]} Rxa5
{[%clk 0:02:40]} 39. Qe6 {[%clk 0:05:37]} Ra7 40. Rxd6 {[%clk 0:34:53]} Nxd6
{[%clk 0:31:20]} 41. Qxe5 {[%clk 0:33:10]} Rd7 {[%clk 0:28:54]} 42. Qe6
{[%clk 0:31:05]} Rd8 {[%clk 0:28:48]} 43. e5 {[%clk 0:31:12]} 1-0